000 00381nam a22001457a 4500
003 SGT
082 _a617
_bP22S
100 _aSINGH, MANVINDER
245 _aPROSPECTIVE STUDY OF VARICOSE VEINS TREATMENT BY ENDOVENOUS LASER THERAPHY AND FOAM SCLEROTHERAPHY
260 _aGURUGRAM
_bSGTU
_c2022
300 _a89
650 _aGENERAL SURGERY
653 _aMS
942 _2ddc
_cTH
999 _c33193
_d33193